Study on dry season rice cultivating by farmers at cholkiry district, kompong chhnang province; សិក្សាបច្ចេកទេសដាំដុះស្រូវប្រាំងរបស់កសិករស្រុកជលគីរី ខេត្តកំពង់ឆ្នាំង (Record no. 8064)

000 -LEADER
fixed length control field 00694nam a22001337a 4500
040 ## - CATALOGING SOURCE
Transcribing agency RUA
082 ## - DEWEY DECIMAL CLASSIFICATION NUMBER
Classification number AGR IM 2015 B474 Or.1
100 ## - MAIN ENTRY--AUTHOR NAME
Personal name IM SOKNIN; អ៊ីម សុខនីន
245 ## - TITLE STATEMENT
Title Study on dry season rice cultivating by farmers at cholkiry district, kompong chhnang province; សិក្សាបច្ចេកទេសដាំដុះស្រូវប្រាំងរបស់កសិករស្រុកជលគីរី ខេត្តកំពង់ឆ្នាំង
260 ## - PUBLICATION, DISTRIBUTION, ETC. (IMPRINT)
Place of publication Phnom Penh
Name of publisher RUA
Year of publication 2015
300 ## - PHYSICAL DESCRIPTION
Number of Pages ix;40p.
Other physical details ill.
Dimensions 29cm.
856 ## - ELECTRONIC LOCATION AND ACCESS
Uniform Resource Identifier STUDY ON DRY SEASON RICE CULTIVATING BY FARMERS AT CHOLKIRY DISTRICT KOMPONG CHHNANG PROVINCE
942 ## - ADDED ENTRY ELEMENTS (KOHA)
Koha item type AGR
952 ## - LOCATION AND ITEM INFORMATION (KOHA)
Withdrawn status [LOCAL, KOHA] 0
952 ## - LOCATION AND ITEM INFORMATION (KOHA)
Withdrawn status [LOCAL, KOHA] 0
952 ## - LOCATION AND ITEM INFORMATION (KOHA)
Withdrawn status [LOCAL, KOHA] 0
952 ## - LOCATION AND ITEM INFORMATION (KOHA)
Withdrawn status [LOCAL, KOHA] 0
952 ## - LOCATION AND ITEM INFORMATION (KOHA)
Withdrawn status [LOCAL, KOHA] 0
952 ## - LOCATION AND ITEM INFORMATION (KOHA)
Withdrawn status [LOCAL, KOHA] 0
952 ## - LOCATION AND ITEM INFORMATION (KOHA)
Withdrawn status [LOCAL, KOHA] 0
952 ## - LOCATION AND ITEM INFORMATION (KOHA)
Withdrawn status [LOCAL, KOHA] 0
952 ## - LOCATION AND ITEM INFORMATION (KOHA)
Withdrawn status [LOCAL, KOHA] 0
952 ## - LOCATION AND ITEM INFORMATION (KOHA)
Withdrawn status [LOCAL, KOHA] 0
Holdings
Permanent Location Date acquired Koha item type Lost status Shelving location Barcode Current Location Full call number
Library Block B2016-06-14AGR B474RUA058339Library Block BAGR IM 2015 B474 Or.1
Library Block B2016-06-14AGR B474RUA057043Library Block BAGR IM 2015 B474 Or.2
Library Block B2016-06-14AGR B474RUA059526Library Block BAGR IM 2015 B474 Or.3
Library Block B2016-06-14AGR B474RUA058868Library Block BAGR IM 2015 B474 Or.4
Library Block B2016-06-14AGR B474RUA059522Library Block BAGR IM 2015 B474 Or.5
Library Block B2016-06-14AGR B474RUA057329Library Block BAGR IM 2015 B474 Or.6
Library Block B2016-06-14AGR B474RUA057129Library Block BAGR IM 2015 B474 Or.7
Library Block B2016-06-14AGR B474 Library Block BAGR IM 2015 B474 Or.1
Library Block B2021-09-29AGR B689A09841Library Block BAGR IM 2015 B691 Or.1
Library Block B2021-09-29AGR B689A09626Library Block BAGR IM 2015 B691 Or.1
មជ្ឈមណ្ឌលឯការនៃសាកលវិទ្យាល័យភូមិន្ទកសិកម្មចំការដូង

Powered by Koha